Country 'Borders' Which Aren't Typically Accepted on JetPunk - Statistics

General Stats
  • This quiz has been taken 73 times
  • The average score is 10 of 14
Answer Stats
Hint Answer % Correct
Øresund Bridge Denmark
94%
Hans Island Denmark (Greenland)
94%
Sint Maarten Netherlands
93%
Hans Island Canada
91%
Saint Martin France
91%
Øresund Bridge Sweden
91%
Mediterranean Island Cyprus
79%
Mediterranean Island United Kingdom (Akrotiri and Dhekelia)
78%
King Fahd Causeway Saudi Arabia
66%
King Fahd Causeway Bahrain
65%
Palk Strait India
56%
Palk Strait Sri Lanka
53%
Tuas Second Link Malaysia
47%
Tuas Second Link Singapore
47%
No matching quizzes found
Score Distribution
Percent of People with Each Score
Percentile by Number Answered
Your Score History
You have not taken this quiz